Podnikatelská banka, a.s.

Zameranie Podnikateľskej banky v ČR na malých a stredných podnikateľov, živnostníkov a roľníkov. Organizácia, základný kapitál, charakteristika vykonávaných služieb banky. Zámery pre nadviazanie spolupráce a úvahy o budúcom rozvoji. Zvláštna pozornosť sa bude venovať finančnému poradenstvu.

Enregistré dans:
Détails bibliographiques
Format: Chapitre de livre
Langue:tchèque
Sujets:
Tags: Ajouter un tag
Pas de tags, Soyez le premier à ajouter un tag!

MARC

LEADER 00000naa a2200000 4500
001 r011958
005 20220826093508.8
041 0 |a cze 
044 |a CZ 
245 1 0 |a Podnikatelská banka, a.s. 
520 |a Zameranie Podnikateľskej banky v ČR na malých a stredných podnikateľov, živnostníkov a roľníkov. Organizácia, základný kapitál, charakteristika vykonávaných služieb banky. Zámery pre nadviazanie spolupráce a úvahy o budúcom rozvoji. Zvláštna pozornosť sa bude venovať finančnému poradenstvu. 
610 2 0 |a Podnikatelská banka, a.s. 
610 2 0 |a Čechy 
610 2 0 |a 1992 
610 2 0 |a podnikatelia 
610 2 0 |a banky 
610 2 0 |a manažment 
610 2 0 |a služby finančné